Láskavec - rastlina s liečivými účinkami

Bibliographic Details
Main Authors: Habán, Miroslav, 1969- (Author), Habánová, Marta, 1969- (Author)
Format: Article
Language:Slovak
PhysicalDescription:Obr., tab.
ISSN:0323-2646
Subjects:

MARC

LEADER 00000nab a2200000 a 4500
001 vtls000776356
003 SK-MaSNL
005 20260304112201.0
008 250429c2001 xo 0 slo
015 |a SNBRB2001/12-34791 
035 |a CLN000128142 
035 |a urn:nbn:sk:snk-abmww 
035 |a (urnnbn)urn:nbn:sk:snk:ar-003afk 
035 |a (uuid)f53d3e3e-16bb-4a59-84e3-ec276c847246 
040 |a SNKBUCL  |b slo  |c SNKBUCL  |e AACR2 
041 0 |a slo 
044 |a xo  |c SK 
080 |a 615.322:582.663  |2 1997 
080 |a 582.663  |2 1997 
100 1 |a Habán, Miroslav,  |d 1969-  |4 aut  |9 203299 
245 1 0 |a Láskavec - rastlina s liečivými účinkami  |c Miroslav Habán, Marta Habánová 
300 |b Obr., tab. 
650 0 7 |a láskavec  |2 snkbucl  |9 21305 
655 7 |a články z novín a časopisov  |2 snkbucl  |9 267496 
700 1 |a Habánová, Marta,  |d 1969-  |4 aut  |9 208168 
773 0 |t Liečivé rastliny  |g Roč. 38, č. 4 (2001), s. 120-123  |x 0323-2646 
850 |a Slovenská národná knižnica 
852 |a Slovenská národná knižnica 
954 |a odborná, vedecká literatúra pôvodná (slovenská)  |2 lita 
958 |a article2022 
958 |a OND 
958 |a MI 
958 |a EUIPO 
992 |a RBX 
999 |c 2864513  |d 2866443